| 000 | 00922nam a22002657a 4500 | ||
|---|---|---|---|
| 003 | DO-SdBNP | ||
| 005 | 20260120073951.0 | ||
| 007 | ta | ||
| 008 | 210304b 2020 dr 00| 0 eng d | ||
| 020 | _a9789945912289 | ||
| 040 |
_aDO-SdBNP _bspa _cBNPHU |
||
| 082 | 4 |
_222 _a269.2 _bR173e |
|
| 100 | 1 |
_aRamírez, David, _d1975- _978006 |
|
| 245 | 1 | 0 |
_aEnfocado hacia un evangelismo eficaz : _bpara el desarrollo y crecimiento de la iglesia / _cDavid Ramírez de la Cruz ; prólogo Silverio Manuel Bello Valenzuela. |
| 260 |
_aSanto Domingo : _bPublicaciones Libertad, _c2020. |
||
| 300 |
_a208 p. ; _c21 cm. |
||
| 500 | _aIncluye datos biográficos del autor : p. 11 | ||
| 504 | _aBibliografía : p. 201-203 | ||
| 590 | _aInventariado, 2021 /LP | ||
| 650 | 1 | 4 |
_aEvangelismo _979544 |
| 650 | 1 | 0 |
_aVida espiritual _9268 |
| 700 | 1 |
_aBello Valenzuela, Silverio Manuel, _epról. _91782 |
|
| 910 | _aLopérez | ||
| 942 |
_2ddc _cLBS1 |
||
| 999 |
_c49495 _d49495 |
||